| 000 | 00589nam a2200145 4500 | ||
|---|---|---|---|
| 999 |
_c80649 _d80649 |
||
| 008 | 210203b ||||| |||| 00| 0 eng d | ||
| 040 |
_aISIL EINTRAGEN _bger _cISIL EINTRAGEN _erda |
||
| 100 | _aRöthke, Ulrich: | ||
| 245 |
_aAuf der Suche nach Harmonie. _bMusik und Architektur als Inspirationsquellen in der Kunst der Moderne / _cUlrich Röthke |
||
| 773 |
_tUnbekannte Moderne Neue Städte Neue Menschen _dCottbus ; Frankfurt (Oder): Brandenburgisches Landesmuseum für Moderne Kunst, [2020] _gS. 15-27 |
||
| 942 | _cA | ||